Statystyki dla Test wiedzy o Polsce

Kliknij tutaj aby rozwiązać quiz!

Ogólne statystyki

  • Ten quiz został rozwiązany 316 razy
  • Średni wynik to 9 z 15

Statystyki odpowiedzi

% Poprawnych
StolicaWarszawa
99%
PrezydentAndrzej Duda
98%
HymnMazurek Dąbrowskiego
87%
Ile lat nie było na mapie123
85%
Dominująca religiaChrześcijaństwo
83%
Największy sąsiadRosja
82%
Ilość województw16
81%
Z jakim morzem graniczyBałtyckim
70%
Rozwinięcie nazwyRzeczpospolita Polska
70%
Pierwszy władcaMieszko 1
66%
Data powstania966
58%
Ludnośc ( około )38 000
36%
Ustrój politycznyDemokratyczny
25%
Gęstość zaludnienia122 osób/km2
1%
Powietrzchnia ( w zaokrągleniu )313 000 km2
1%

Rozkład punktacji

Percentyl według liczby udzielonych odpowiedzi

Procent ludzi z każdym wynikiem

Twoja historia wyników

Nie rozwiązałeś tego quizu